000
00239nam a22000857a 4500
008
170607b xxu||||| |||| 00| 0 eng d
100
_9
3325
_a
Das. I
245
_a
The word of Turtles and crocodiles
260
_a
New Delhi
_b
National Book Trust
_c
2003
999
_c
6644
_d
6644